Noorwegen Trivia Quiz - Statistieken

Algemene statistieken
  • Deze quiz is 902 keer genomen
  • De gemiddelde score is 11 van 24
Antwoordstatistieken
Hint Antwoord % Correct
Hoofdstad Oslo
100%
Aangrenzende landen Zweden
96%
Aangrenzende landen Finland
94%
Aangrenzende landen Rusland
88%
Zee die tussen Noorwegen en Groot-Brittannië ligt Noordzee
81%
Op één na grootste stad Bergen
72%
Woord voor een lange, smalle oceaaninham Fjord
68%
Meest voorkomende achternamen {Ol}sen
60%
Grootste exportproduct Olie
52%
Sport met skiën en geweerschieten Biatlon
48%
Noorse eilandenketen in het verre noorden Spitsbergen
43%
Schilder van "De Schreeuw" Edvard Munch
42%
Stichter van de eerste Noorse nederzetting in Groenland {Erik} de Rode
37%
Gaststad van de Olympische Winterspelen in 1994 Lillehammer
33%
Vierletterwoord voor een episch verhaal uit de Vikingtijd Saga
25%
Meest voorkomende achternamen {Han}sen
23%
Meest voorkomende achternamen {Johan}sen
23%
Eerste persoon die de Zuidpool bereikte Roald Amundsen
23%
Meest voorkomende achternamen {Ander}sen
20%
s' Werelds noordelijkste dorp (bevolking > 10,000) Hammerfest
19%
Meest voorkomende achternamen {Lar}sen
14%
Schrijver van "Een poppenhuis" Henrik Ibsen
9%
Kunstschaatster die driemaal Olympisch kampioen werd Sonja Henie
7%
Traditioneel gerecht van in loog gerijpte vis Lutefisk
6%
Geen overeenkomende quizzen gevonden
Scoreverdeling
Procent van Mensen met Elke Score
Percentiel versus Aantal Correcte Antwoorden
Uw Scoregeschiedenis
U heeft deze quiz nog niet genomen